Catàleg del Col·legi de Periodistes de Catalunya

Prensa, paz, violencia y terrorismo (Registre núm. 5466)

000 -CABECERA
Longitud fija campo de control 00834nam a2200229 a 4500
001 - NÚMERO DE CONTROL
Número de control 5466
003 - IDENTIFICADOR DEL NÚMERO DE CONTROL
Identificador del número de control CDMR
005 - FECHA Y HORA DE LA ÚLTIMA TRANSACCIÓN
Fecha y hora de la última transacción 20241204123953.0
008 - CÓDIGOS DE INFORMACIÓN DE LONGITUD FIJA
Códigos de información de longitud fija 130130s1987||||||||||||||||||||||||||||d
020 ## - NÚMERO INTERNACIONAL NORMALIZADO PARA LIBROS
Número Internacional Normalizado para Libros (ISBN) 8431309911
040 ## - FUENTE DE LA CATALOGACIÓN
Centro catalogador de origen CDMR
Lengua de catalogación cat
Centro transcriptor CDMR
245 00 - MENCIÓN DE TÍTULO
Título Prensa, paz, violencia y terrorismo
Resto del título : la crisis de credibilidad de los informadores
Mención de responsabilidad, etc. / Jose Mª Desantes Guanter ... [et al.] ; [editor: Carlos Soria]
260 ## - PUBLICACIÓN, DISTRIBUCIÓN, ETC. (PIE DE IMPRENTA)
Lugar de publicación, distribución, etc. Pamplona :
Nombre del editor, distribuidor, etc. Ediciones Universidad de Navarra,
Fecha de publicación, distribución, etc. 1987
300 ## - DESCRIPCIÓN FÍSICA
Extensión 154 p.
490 0# - MENCIÓN DE SERIE
Mención de serie Ciencias de la información
Designación de volumen o secuencia ; 52
650 04 - PUNTO DE ACCESO ADICIONAL DE MATERIA - TÉRMINO DE MATERIA
9 (RLIN) 2772
Término de materia o nombre geográfico como elemento inicial Violència en els mitjans de comunicació de massa
650 04 - PUNTO DE ACCESO ADICIONAL DE MATERIA - TÉRMINO DE MATERIA
9 (RLIN) 1994
Término de materia o nombre geográfico como elemento inicial Terrorisme i mitjans de comunicació de massa
650 04 - PUNTO DE ACCESO ADICIONAL DE MATERIA - TÉRMINO DE MATERIA
9 (RLIN) 983
Término de materia o nombre geográfico como elemento inicial Ètica periodística
700 1# - PUNTO DE ACCESO ADICIONAL - NOMBRE DE PERSONA
9 (RLIN) 218
Nombre de persona Desantes Guanter, José María
700 1# - PUNTO DE ACCESO ADICIONAL - NOMBRE DE PERSONA
9 (RLIN) 520
Nombre de persona Soria, Carlos
942 ## - ENTRADA DE ELEMENTOS AGREGADOS (KOHA)
Koha [por defecto] tipo de item Monografies
Fuente de clasificaión o esquema
Fons
Suprimido Perdido Estropeado No para préstamo Localización permanente Localización actual Fecha adquisición Signatura completa Código de barras Fecha última consulta Fecha del precio de reemplazo Tipo de item de Koha
        CPC Girona CPC Girona 2010-12-03 Ci 434 GIRONA1312613572 2013-01-16 2013-01-16 Monografies
        Centre de Documentació Montserrat Roig Centre de Documentació Montserrat Roig 2013-01-16 Ci 1/68 CDMR1312613571 2013-01-16 2013-01-16 Monografies

Implantat amb Koha